<?xml version="1.0" encoding="UTF-8"?>
<record
    xmlns:xsi="http://www.w3.org/2001/XMLSchema-instance"
    xsi:schemaLocation="http://www.loc.gov/MARC21/slim http://www.loc.gov/standards/marcxml/schema/MARC21slim.xsd"
    xmlns="http://www.loc.gov/MARC21/slim">

  <leader>00653nam a22002297a 4500</leader>
  <controlfield tag="001"> 50824 </controlfield>
  <controlfield tag="003">UA-OsUOA</controlfield>
  <controlfield tag="005">20211026112234.0</controlfield>
  <controlfield tag="007">ta</controlfield>
  <controlfield tag="008">20071126b un ||||| |||| 00| 0 ukr d</controlfield>
  <datafield tag="020" ind1=" " ind2=" ">
    <subfield code="a">9666134632</subfield>
  </datafield>
  <datafield tag="040" ind1=" " ind2=" ">
    <subfield code="a">UA-OsUOA</subfield>
    <subfield code="b">ukr</subfield>
    <subfield code="c">UA-OsUOA</subfield>
    <subfield code="d">UA-OsUOA</subfield>
  </datafield>
  <datafield tag="041" ind1=" " ind2=" ">
    <subfield code="a">ukr</subfield>
  </datafield>
  <datafield tag="080" ind1=" " ind2=" ">
    <subfield code="a">82-84:801.81</subfield>
  </datafield>
  <datafield tag="090" ind1=" " ind2=" ">
    <subfield code="a">82-84:801.81</subfield>
    <subfield code="b">&#x413;15</subfield>
  </datafield>
  <datafield tag="245" ind1=" " ind2=" ">
    <subfield code="a">&#x413;&#x430;&#x43B;&#x438;&#x446;&#x44C;&#x43A;&#x43E;-&#x440;&#x443;&#x441;&#x44C;&#x43A;&#x456; &#x43D;&#x430;&#x440;&#x43E;&#x434;&#x43D;&#x456; &#x43F;&#x440;&#x438;&#x43F;&#x43E;&#x432;&#x456;&#x434;&#x43A;&#x438;</subfield>
  </datafield>
  <datafield tag="260" ind1=" " ind2=" ">
    <subfield code="a">&#x41B;&#x44C;&#x432;&#x456;&#x432;</subfield>
    <subfield code="b">&#x41B;&#x41D;&#x423; &#x456;&#x43C;. &#x406;&#x432;&#x430;&#x43D;&#x430; &#x424;&#x440;&#x430;&#x43D;&#x43A;&#x430;</subfield>
    <subfield code="c">2006</subfield>
  </datafield>
  <datafield tag="300" ind1=" " ind2=" ">
    <subfield code="a">818 &#x441;.</subfield>
  </datafield>
  <datafield tag="650" ind1=" " ind2="7">
    <subfield code="a">82 &#x41B;&#x456;&#x442;&#x435;&#x440;&#x430;&#x442;&#x443;&#x440;&#x430;. &#x41B;&#x456;&#x442;&#x435;&#x440;&#x430;&#x442;&#x443;&#x440;&#x43E;&#x437;&#x43D;&#x430;&#x432;&#x441;&#x442;&#x432;&#x43E;</subfield>
    <subfield code="2">UDC</subfield>
  </datafield>
  <datafield tag="942" ind1=" " ind2=" ">
    <subfield code="c">BK</subfield>
    <subfield code="2">udc</subfield>
  </datafield>
  <datafield tag="955" ind1=" " ind2=" ">
    <subfield code="a">2</subfield>
  </datafield>
  <datafield tag="999" ind1=" " ind2=" ">
    <subfield code="c">336864</subfield>
    <subfield code="d">336864</subfield>
  </datafield>
  <datafield tag="952" ind1=" " ind2=" ">
    <subfield code="0">0</subfield>
    <subfield code="1">0</subfield>
    <subfield code="2">udc</subfield>
    <subfield code="4">0</subfield>
    <subfield code="7">0</subfield>
    <subfield code="a">102</subfield>
    <subfield code="b">102</subfield>
    <subfield code="d">2007-11-26</subfield>
    <subfield code="e">200/2007</subfield>
    <subfield code="g">59.80</subfield>
    <subfield code="i">109538</subfield>
    <subfield code="l">0</subfield>
    <subfield code="o">82-84:801.81 &#x413;15</subfield>
    <subfield code="p">109538</subfield>
    <subfield code="r">2022-02-07 00:00:00</subfield>
    <subfield code="w">2007-11-26</subfield>
    <subfield code="y">BK</subfield>
  </datafield>
  <datafield tag="952" ind1=" " ind2=" ">
    <subfield code="0">0</subfield>
    <subfield code="1">0</subfield>
    <subfield code="2">udc</subfield>
    <subfield code="4">0</subfield>
    <subfield code="7">0</subfield>
    <subfield code="a">102</subfield>
    <subfield code="b">102</subfield>
    <subfield code="d">2007-11-26</subfield>
    <subfield code="e">200/2007</subfield>
    <subfield code="g">59.80</subfield>
    <subfield code="i">109539</subfield>
    <subfield code="l">0</subfield>
    <subfield code="o">82-84:801.81 &#x413;15</subfield>
    <subfield code="p">109539</subfield>
    <subfield code="r">2022-02-09 00:00:00</subfield>
    <subfield code="w">2007-11-26</subfield>
    <subfield code="y">BK</subfield>
  </datafield>
  <datafield tag="952" ind1=" " ind2=" ">
    <subfield code="0">0</subfield>
    <subfield code="1">0</subfield>
    <subfield code="2">udc</subfield>
    <subfield code="4">0</subfield>
    <subfield code="7">0</subfield>
    <subfield code="a">101</subfield>
    <subfield code="b">101</subfield>
    <subfield code="d">2015-04-02</subfield>
    <subfield code="e">11/2015</subfield>
    <subfield code="g">59.00</subfield>
    <subfield code="i">147666</subfield>
    <subfield code="l">0</subfield>
    <subfield code="o">82-84:801.81 &#x413;15</subfield>
    <subfield code="p">147666</subfield>
    <subfield code="r">2022-02-10 00:00:00</subfield>
    <subfield code="w">2007-11-26</subfield>
    <subfield code="y">BK</subfield>
  </datafield>
  <datafield tag="952" ind1=" " ind2=" ">
    <subfield code="0">0</subfield>
    <subfield code="1">0</subfield>
    <subfield code="2">udc</subfield>
    <subfield code="4">0</subfield>
    <subfield code="7">0</subfield>
    <subfield code="a">101</subfield>
    <subfield code="b">101</subfield>
    <subfield code="d">2015-04-02</subfield>
    <subfield code="e">11/2015</subfield>
    <subfield code="g">59.00</subfield>
    <subfield code="i">147667</subfield>
    <subfield code="l">0</subfield>
    <subfield code="o">82-84:801.81 &#x413;15</subfield>
    <subfield code="p">147667</subfield>
    <subfield code="r">2022-02-10 00:00:00</subfield>
    <subfield code="w">2007-11-26</subfield>
    <subfield code="y">BK</subfield>
  </datafield>
</record>
